00358pab a2200121 454500008004000000100001800040245011400058260000900172300001300181362001200194650001800206773001200224180718b2011 xxu||||| |||| 00| 0 eng d aBose, Suvendu aRestructuring state-owned enterprises of a state government of India: problems, prospects, and lessons learnt c2011 ap.47-60. aJul-Sep aPublic sector aVikalpa